000 00695nam a22002171 4500
001 sa 68002035
003 DLC
005 20260227112439.0
008 710903s1967 ii 00010 eng
010 _asa 68002035
025 _aPL480:I-E-9253
043 _aa-ii---
050 0 _aHD876
_b.A47
082 _a333/.00954
110 1 0 _aIndia (Republic).
_bLand Reforms Implementation Committee.
245 1 0 _aImplementation of land reforms;
_ca review by the Land Reforms Implementation Committee of the National Development Council.
260 0 _aNew Delhi,
_bPlanning Commission,
_c1966 [i.e. 1967]
300 _a283 p.
_c28 cm.
350 _aRs5.25
_a$1.89
650 0 _aLand tenure
_zIndia.
999 _c78399
_d78399